000 00670nam a22001817a 4500
003 UA-OsUOA
001 9157
007 ta
008 20041025b un ||||| |||| 00| 0 ukr d
100 _aПодшивалкіна В.
942 _cSA
040 _aUA-OsUOA
_cUA-OsUOA
_dUA-OsUOA
245 _aАвторська програма спецкурсу " Біографічний метод та особливості його застосування у психології "
300 _aС.126-128
955 _a0
773 0 _w0
_tПсихологія і суспільство
_dТернопіль
_d2004
_g№3
650 7 _aСоціальна психологія
_2UDC
999 _c295318
_d295318